<?xml version="1.0" encoding="UTF-8"?>
<record
    xmlns:xsi="http://www.w3.org/2001/XMLSchema-instance"
    xsi:schemaLocation="http://www.loc.gov/MARC21/slim http://www.loc.gov/standards/marcxml/schema/MARC21slim.xsd"
    xmlns="http://www.loc.gov/MARC21/slim">

  <leader>00754cam a22002531  4500</leader>
  <controlfield tag="001">sa 64000369 </controlfield>
  <controlfield tag="003">DLC</controlfield>
  <controlfield tag="005">20260227111955.0</controlfield>
  <controlfield tag="008">890802s1962    ii            000 0 pano </controlfield>
  <datafield tag="010" ind1=" " ind2=" ">
    <subfield code="a">sa 64000369 </subfield>
  </datafield>
  <datafield tag="025" ind1=" " ind2=" ">
    <subfield code="a">PL480:I-Pu-252</subfield>
  </datafield>
  <datafield tag="035" ind1=" " ind2=" ">
    <subfield code="a">(OCoLC)20116500</subfield>
  </datafield>
  <datafield tag="040" ind1=" " ind2=" ">
    <subfield code="a">DLC</subfield>
    <subfield code="c">WaU</subfield>
    <subfield code="d">NSyU</subfield>
    <subfield code="d">DLC</subfield>
  </datafield>
  <datafield tag="042" ind1=" " ind2=" ">
    <subfield code="a">premarc</subfield>
  </datafield>
  <datafield tag="043" ind1=" " ind2=" ">
    <subfield code="a">a-ii---</subfield>
  </datafield>
  <datafield tag="050" ind1="0" ind2="0">
    <subfield code="a">PK2659.P68</subfield>
    <subfield code="b">R3</subfield>
  </datafield>
  <datafield tag="100" ind1="1" ind2=" ">
    <subfield code="a">Prabh&#x101;kara, Madana.</subfield>
  </datafield>
  <datafield tag="245" ind1="1" ind2="0">
    <subfield code="a">R&#x101;j&#x101; Bikaram&#x101;&#xF1;j&#x12B;ta d&#x12B;&#x101;&#x1E43; kah&#x101;&#x1E47;&#x12B;&#x101;&#x1E43;,</subfield>
    <subfield code="c">lekhaka Madana Prabh&#x101;kara.</subfield>
  </datafield>
  <datafield tag="250" ind1=" " ind2=" ">
    <subfield code="a">[Pahil&#x12B; w&#x101;ra.]</subfield>
  </datafield>
  <datafield tag="260" ind1=" " ind2=" ">
    <subfield code="a">Ammritasara,</subfield>
    <subfield code="b">Bh&#x101;&#x12B; Mehara Si&#x1E45;gha Surindara Si&#x1E45;gha</subfield>
    <subfield code="c">[1962]</subfield>
  </datafield>
  <datafield tag="300" ind1=" " ind2=" ">
    <subfield code="a">95 p.</subfield>
    <subfield code="c">19 cm.</subfield>
  </datafield>
  <datafield tag="500" ind1=" " ind2=" ">
    <subfield code="a">In Panjabi.</subfield>
  </datafield>
  <datafield tag="600" ind1="0" ind2="0">
    <subfield code="a">Vikram&#x101;ditya &#x15A;ak&#x101;ri,</subfield>
    <subfield code="c">King of Ujjain</subfield>
    <subfield code="v">Fiction.</subfield>
  </datafield>
  <datafield tag="999" ind1=" " ind2=" ">
    <subfield code="c">56171</subfield>
    <subfield code="d">56171</subfield>
  </datafield>
</record>
